| 000 -LEADER |
| fixed length control field |
00755nam a2200241Ia 4500 |
| 001 - CONTROL NUMBER |
| control field |
20463 |
| 003 - CONTROL NUMBER IDENTIFIER |
| control field |
GE_BSU |
| 008 - FIXED-LENGTH DATA ELEMENTS--GENERAL INFORMATION |
| fixed length control field |
181216s||||||||xx |||||||||||||| ||und|| |
| 020 ## - INTERNATIONAL STANDARD BOOK NUMBER |
| International Standard Book Number |
99928-722-0-X |
| 040 ## - CATALOGING SOURCE |
| Transcribing agency |
GE_BSU |
| 080 ## - UNIVERSAL DECIMAL CLASSIFICATION NUMBER |
| Universal Decimal Classification number |
81'25 |
| 100 ## - MAIN ENTRY--PERSONAL NAME |
| Personal name |
ჯაში, მარინა., ჯაში, ქეთევან |
| 245 ## - TITLE STATEMENT |
| Title |
თარგმნის ტექნიკა. |
| 260 ## - PUBLICATION, DISTRIBUTION, ETC. |
| Place of publication, distribution, etc. |
თბილისი |
| 260 ## - PUBLICATION, DISTRIBUTION, ETC. |
| Name of publisher, distributor, etc. |
გამ-ბა "ენა და კულტურა"-ს სტ |
| 260 ## - PUBLICATION, DISTRIBUTION, ETC. |
| Date of publication, distribution, etc. |
2003 |
| 300 ## - PHYSICAL DESCRIPTION |
| Extent |
106გვ. ; 20სმ.. |
| 653 ## - INDEX TERM--UNCONTROLLED |
| Uncontrolled term |
თარგმნის ტექნიკა. |
| 653 ## - INDEX TERM--UNCONTROLLED |
| Uncontrolled term |
ქართული ენა |
| 653 ## - INDEX TERM--UNCONTROLLED |
| Uncontrolled term |
ქსეროქსი |
| 942 ## - ADDED ENTRY ELEMENTS (KOHA) |
| Koha item type |
წიგნი |